00390cam a22001217a 4500008004000000082001500040245006700055260004700122300001100169650002000180650002700200700004100227180718b1953 xxu||||| |||| 00| 0 eng d aT2011 B777 aInspection in industrycby British Productivity Council, India aLondonbBritish Productivity Councilc1953 ax,74p. aQuality control aEngineering inspection aIndia. British Productivity Council,